Adhunik arthatatta parichai. (Record no. 1058)

MARC details
000 -LEADER
fixed length control field 00504cam a2200205ua 4500
008 - FIXED-LENGTH DATA ELEMENTS--GENERAL INFORMATION
fixed length control field 160827n ii |||gr||||Z||||||eng
040 ## - CATALOGING SOURCE
Transcribing agency MAIN
041 ## - LANGUAGE CODE
-- eng
082 ## - DEWEY DECIMAL CLASSIFICATION NUMBER
Classification number 330.01
100 ## - MAIN ENTRY--PERSONAL NAME
Personal name Ahmed, Rafik.,
245 ## - TITLE STATEMENT
Title Adhunik arthatatta parichai.
Statement of responsibility, etc. By Rafik Ahmed.
250 ## - EDITION STATEMENT
Edition statement 3rd.
260 ## - PUBLICATION, DISTRIBUTION, ETC.
Place of publication, distribution, etc. Jorhat.:
Name of publisher, distributor, etc. Unika prakashan.,
Date of publication, distribution, etc. 2007.
300 ## - PHYSICAL DESCRIPTION
Extent 556 p.:
Dimensions 25 cm.
700 ## - ADDED ENTRY--PERSONAL NAME
Personal name Ahmed, Rafik.,
942 ## - ADDED ENTRY ELEMENTS (KOHA)
Koha item type Books
653 ## - INDEX TERM--UNCONTROLLED
Uncontrolled term Economics.
653 ## - INDEX TERM--UNCONTROLLED
Uncontrolled term Adhunik arthatatta parichai.
Holdings
Withdrawn status Lost status Damaged status Not for loan Home library Current library Shelving location Date acquired Total Checkouts Full call number Barcode Date last seen Date last checked out Copy number Price effective from Koha item type
        Central Library, Naharkatiya College Central Library, Naharkatiya College General Stacks 19/09/2020 4 330.01 | AHM 17691 02/07/2022 17/06/2022 2 19/09/2020 Books

Naharkatiya College © 2020. All rights reserved.

Powered By